|
|
|
|
| LEADER |
02390cas a2200301 a 4500 |
| 001 |
AALejournalIMF022348 |
| 008 |
230101c9999 xx r poo 0 0eng d |
| 020 |
|
|
|c 5.00 USD
|
| 020 |
|
|
|z 9781513588827
|
| 022 |
|
|
|a 1018-5941
|
| 040 |
|
|
|a BD-DhAAL
|c BD-DhAAL
|
| 100 |
1 |
|
|a Guerson, Alejandro.
|
| 245 |
1 |
0 |
|a Pooling Fiscal Risk in the ECCU :
|b Quantifying Savings of a Regional Fund for Stabilization and Investment /
|c Alejandro Guerson.
|
| 264 |
|
1 |
|a Washington, D.C. :
|b International Monetary Fund,
|c 2021.
|
| 300 |
|
|
|a 1 online resource (20 pages)
|
| 490 |
1 |
|
|a IMF Working Papers
|
| 500 |
|
|
|a <strong>Off-Campus Access:</strong> No User ID or Password Required
|
| 500 |
|
|
|a <strong>On-Campus Access:</strong> No User ID or Password Required
|
| 506 |
|
|
|a Electronic access restricted to authorized BRAC University faculty, staff and students
|
| 520 |
3 |
|
|a This paper quantifies the savings obtained from risk pooling with a Regional Stabilization Fund (RSF) for the Eastern Caribbean Currency Union. A Monte Carlo experiment is used to estimate the size of a RSF conditional on probabilities of depletion under specific saving-withdrawal rules. Results indicate that regional risk pooling requires about half of the saving amount relative to the sum of individual-country savings. In addition to reducing the amount of saving requirements for stabilization, the RSF can improve welfare by realocating government consumption savings during booms towards public investment during recessions, resulting in an increase of public investment in the range of 0.5-1.5 percent of GDP per year depending on the country, with positive growth dividends. Moreover, the RSF also reduces the dispersion of public debt outcomes in light of the cross-country cyclical synchronicity of output and revenue, thereby strengthening the stability of the regional currency board.
|
| 538 |
|
|
|a Mode of access: Internet
|
| 650 |
|
7 |
|a General Financial Markets
|2 imf
|
| 650 |
|
7 |
|a Mathematical Methods and Programming
|2 imf
|
| 650 |
|
7 |
|a National Budget, Deficit, and Debt
|2 imf
|
| 650 |
|
7 |
|a National Government Expenditures and Related Policies
|2 imf
|
| 650 |
|
7 |
|a Other Public Investment and Capital Stock
|2 imf
|
| 830 |
|
0 |
|a IMF Working Papers; Working Paper ;
|v No. 2021/191
|
| 856 |
4 |
0 |
|z Full text available on IMF
|u http://elibrary.imf.org/view/journals/001/2021/191/001.2021.issue-191-en.xml
|z IMF e-Library
|